[Event "V Memorial Alvise Zichichi"]
[Site "Ladispoli ITA"]
[Date "2008.05.04"]
[Round "7"]
[White "Galdelli, Fabiano"]
[Black "Gasperoni, Claudio"]
[Result "1-0"]
[WhiteElo "1978"]
[BlackElo "1845"]
[PlyCount "91"]
[EventDate "2008.05.01"]

1. e4 e5 2. Nf3 Nc6 3. Bb5 a6 4. Bxc6 dxc6 5. d4 exd4 6. Qxd4 Qxd4 7. Nxd4 Bd7
8. O-O O-O-O 9. Be3 Bd6 10. Nd2 Nf6 11. f3 h6 12. Rfd1 g5 13. Nc4 Nh5 14. Ne2
Be6 15. Nxd6+ Rxd6 16. Nc3 Rhd8 17. a3 Ng7 18. Rxd6 cxd6 19. Bd4 Ne8 20. Re1 c5
21. Be3 Nc7 22. Rd1 Nb5 23. Nd5 Na7 24. g4 Nc6 25. h4 Ne5 26. Kg2 Nc4 27. Bc1
Bxd5 28. Rxd5 gxh4 29. Rh5 Rg8 30. Rxh6 Kd7 31. Rxh4 b5 32. Rh7 Ne5 33. Bf4 Ke6
34. Rh6+ Ng6 35. Kg3 Rh8 36. Rxh8 Nxh8 37. Bd2 d5 38. exd5+ Kxd5 39. f4 Ng6 40.
f5 Ne5 41. Kf4 Kd6 42. g5 Nc4 43. Bc1 a5 44. b3 Ne5 45. Bb2 Nc6 46. g6 1-0

[Event "V Memorial Alvise Zichichi"]
[Site "Ladispoli ITA"]
[Date "2008.05.04"]
[Round "7"]
[White "Iacoacci, Giancarlo"]
[Black "Maggi, Luigi"]
[Result "0-1"]
[WhiteElo "1767"]
[BlackElo "1874"]
[PlyCount "120"]
[EventDate "2008.05.01"]

1. d4 d5 2. Nf3 c5 3. c3 Nc6 4. e3 Nf6 5. Bd3 Bg4 6. Nbd2 e5 7. dxe5 Nxe5 8.
Be2 Nc6 9. Qa4 Bd7 10. Qc2 Bd6 11. O-O Qc7 12. e4 O-O-O 13. exd5 Nxd5 14. Ne4
Ne5 15. Nxd6+ Qxd6 16. Rd1 Nc6 17. Bc4 Be6 18. Bxd5 Bxd5 19. c4 Be4 20. Rxd6
Bxc2 21. Rxd8+ Rxd8 22. Be3 b6 23. b3 f6 24. Rc1 Rd1+ 25. Rxd1 Bxd1 26. Nd2 Nb4
27. a3 Nc2 28. b4 Nxe3 29. fxe3 cxb4 30. axb4 a5 31. bxa5 bxa5 32. Nb1 a4 33.
Kf2 Kc7 34. Ke1 Bb3 35. Na3 Kd6 36. Kd2 Kc5 37. Kc3 f5 38. Nb1 Bxc4 39. Nd2 Bd5
40. g3 a3 41. h3 h6 42. g4 g6 43. gxf5 gxf5 44. h4 a2 45. Kb2 Kd6 46. Nf1 Ke5
47. Ng3 Be6 48. Ka1 Kd6 49. Nh5 Bb3 50. Ng3 Ke5 51. Kb2 Be6 52. Ka1 Bf7 53. Kb2
f4 54. exf4+ Kxf4 55. Ne2+ Kg4 56. Nd4 h5 57. Nc6 Kxh4 58. Ne5 Bd5 59. Nd3 Kg3
60. Nc1 Bc4 0-1

[Event "V Memorial Alvise Zichichi"]
[Site "Ladispoli ITA"]
[Date "2008.05.04"]
[Round "7"]
[White "Maggi, Fabrizio"]
[Black "Lattanzi, Domenico"]
[Result "1/2-1/2"]
[WhiteElo "2003"]
[BlackElo "1740"]
[PlyCount "69"]
[EventDate "2008.05.01"]

1. e4 c5 2. c4 Nc6 3. Nf3 d6 4. d4 cxd4 5. Nxd4 g6 6. Nc3 Bg7 7. Be3 Nf6 8. Be2
Ne5 9. f3 Bd7 10. Qd2 Qc8 11. Rc1 Be6 12. b3 Nc6 13. O-O Bd7 14. Kh1 O-O 15.
Nd5 Qd8 16. Nc3 Ne8 17. Rfd1 f5 18. exf5 gxf5 19. Nxc6 bxc6 20. Bf1 e5 21. c5
Qh4 22. cxd6 Qh5 23. b4 Rf6 24. f4 Rh6 25. h3 Rxd6 26. Qe2 Qxe2 27. Nxe2 Rxd1
28. Rxd1 exf4 29. Nxf4 Nf6 30. Bd4 Ne4 31. Bxg7 Nf2+ 32. Kh2 Nxd1 33. Bh6 Ne3
34. Bd3 Nd5 35. Bc4 1/2-1/2

[Event "V Memorial Alvise Zichichi"]
[Site "Ladispoli ITA"]
[Date "2008.05.04"]
[Round "7"]
[White "Mari, Tommaso"]
[Black "Leonetti, Pietro"]
[Result "0-1"]
[WhiteElo "1828"]
[BlackElo "1575"]
[PlyCount "100"]
[EventDate "2008.05.01"]

1. e4 c6 2. d4 g6 3. c4 Bg7 4. Nf3 d6 5. Nc3 Nf6 6. Be2 O-O 7. Bg5 Qa5 8. O-O
Bg4 9. h4 Nbd7 10. Qc2 Rfe8 11. a3 h6 12. b4 Qc7 13. Be3 Rac8 14. Rad1 a5 15.
Qd2 axb4 16. axb4 Kh7 17. g3 Bh3 18. Rfe1 Ra8 19. Kh2 Bg4 20. Kg2 Ra3 21. Rh1
Nb6 22. c5 Nbd7 23. Ng5+ Kg8 24. f3 Bh5 25. g4 dxc5 26. bxc5 hxg5 27. hxg5 Nh7
28. gxh5 Nxc5 29. hxg6 fxg6 30. Bc4+ e6 31. Rh4 Na4 32. Rdh1 Nf8 33. Nxa4 Rxa4
34. Qc2 Ra3 35. Bc1 Ra1 36. Bb2 Rxh1 37. Rxh1 Qb6 38. Qb3 Bxd4 39. Qxb6 Bxb6
40. Rh8+ Kf7 41. f4 Rd8 42. Kf3 Rd2 43. Ba3 c5 44. Rh3 Rd4 45. Ba2 Ra4 46. Ke2
Rxe4+ 47. Re3 Rxf4 48. Bxe6+ Nxe6 49. Bxc5 Nxc5 50. Re7+ Kxe7 0-1

[Event "V Memorial Alvise Zichichi"]
[Site "Ladispoli ITA"]
[Date "2008.05.04"]
[Round "7"]
[White "Melega, Michele"]
[Black "Masciolini, Giovanni"]
[Result "1/2-1/2"]
[WhiteElo "1428"]
[BlackElo "1685"]
[PlyCount "39"]
[EventDate "2008.05.01"]

1. e4 d6 2. d4 Nf6 3. Nc3 g6 4. Bc4 Bg7 5. h3 O-O 6. Bg5 Nxe4 7. Bxf7+ Rxf7 8.
Nxe4 Bf5 9. Ng3 Qd7 10. N1e2 Nc6 11. Nxf5 Qxf5 12. Be3 Nb4 13. O-O Nxc2 14. Rc1
Nxe3 15. fxe3 Qb5 16. Rxf7 Kxf7 17. Qf1+ Kg8 18. Rxc7 Rf8 19. Qd1 e5 20. b3
1/2-1/2

[Event "V Memorial Alvise Zichichi"]
[Site "Ladispoli ITA"]
[Date "2008.05.04"]
[Round "7"]
[White "Migliozzi, Giuseppe"]
[Black "Carnicelli, Valerio"]
[Result "1-0"]
[WhiteElo "1407"]
[BlackElo "1521"]
[PlyCount "97"]
[EventDate "2008.05.01"]

1. Nf3 d5 2. b3 e6 3. Bb2 Nf6 4. e3 Nbd7 5. c4 Be7 6. d4 O-O 7. Bd3 b6 8. O-O
Bb7 9. Nc3 c5 10. cxd5 exd5 11. Rc1 Ne4 12. dxc5 bxc5 13. Bb1 Nb6 14. Nxe4 dxe4
15. Nd2 f5 16. Qe2 Bd6 17. Nc4 Ba6 18. Rfd1 Qc7 19. Qh5 Bxc4 20. bxc4 Be5 21.
Bxe5 Qxe5 22. Bc2 Rf6 23. Qe2 Rh6 24. g3 Rd6 25. Rxd6 Qxd6 26. Rd1 Qf6 27. Qd2
a5 28. Ba4 Kf8 29. Bb5 Ke7 30. a4 g5 31. Qe1 h5 32. Rd2 h4 33. Qd1 hxg3 34.
hxg3 f4 35. exf4 gxf4 36. Qh5 Rc8 37. Qh7+ Kf8 38. Qxe4 Qa1+ 39. Kg2 fxg3 40.
Qf4+ Kg8 41. Qxg3+ Kf7 42. Qf4+ Kg8 43. Qg5+ Kf7 44. Qf5+ Kg8 45. Qg6+ Qg7 46.
Qxg7+ Kxg7 47. Rd6 Na8 48. Ra6 Kf7 49. Rxa5 1-0

[Event "V Memorial Alvise Zichichi"]
[Site "Ladispoli ITA"]
[Date "2008.05.04"]
[Round "7"]
[White "Palermo, Stefano"]
[Black "Parrini, Daniele"]
[Result "1/2-1/2"]
[WhiteElo "2079"]
[BlackElo "2054"]
[PlyCount "36"]
[EventDate "2008.05.01"]

1. e4 c5 2. Nf3 g6 3. d4 cxd4 4. Nxd4 Nc6 5. c4 Nf6 6. Nc3 d6 7. Be2 Nxd4 8.
Qxd4 Bg7 9. Be3 O-O 10. Qd2 Be6 11. O-O Qa5 12. Rac1 Rfc8 13. b3 a6 14. f3 b5
15. Nd5 Qxd2 16. Bxd2 Nxd5 17. cxd5 Bd4+ 18. Kh1 Bd7 1/2-1/2

[Event "V Memorial Alvise Zichichi"]
[Site "Ladispoli ITA"]
[Date "2008.05.04"]
[Round "7"]
[White "Piscitelli, Vito"]
[Black "Aleksic, Nenad"]
[Result "0-1"]
[WhiteElo "1967"]
[BlackElo "2370"]
[PlyCount "80"]
[EventDate "2008.05.01"]

1. e4 c5 2. Nf3 e6 3. d3 Nc6 4. g3 Nf6 5. Bg2 d5 6. Nbd2 b6 7. O-O Bb7 8. e5
Nd7 9. Re1 Qc7 10. Qe2 Be7 11. Nf1 O-O-O 12. Bf4 h6 13. g4 g5 14. Bg3 h5 15. h3
hxg4 16. hxg4 Nf8 17. Qe3 Rg8 18. a3 Kb8 19. Qd2 Rc8 20. c3 Qd8 21. d4 Na5 22.
Rab1 Ng6 23. Ne3 Nf4 24. Nc2 Bc6 25. Nh2 Nxg2 26. Kxg2 Rh8 27. Nf3 Qg8 28. Ne3
Qh7 29. Rh1 Qe4 30. b4 Rxh1 31. Rxh1 cxb4 32. cxb4 Nc4 33. Nxc4 dxc4 34. Qc3
Bb7 35. Re1 Qxg4 36. Re3 Bd5 37. Kf1 Qf5 38. Ke1 g4 39. Nh2 Bg5 40. Re2 Qb1+
0-1

[Event "V Memorial Alvise Zichichi"]
[Site "Ladispoli ITA"]
[Date "2008.05.04"]
[Round "7"]
[White "Sarti, Emanuele"]
[Black "Leonardo, Corrado"]
[Result "1-0"]
[WhiteElo "1419"]
[BlackElo "1404"]
[PlyCount "91"]
[EventDate "2008.05.01"]

1. e4 e6 2. d4 d5 3. e5 c5 4. Nf3 Nc6 5. Bb5 Bd7 6. Bxc6 Bxc6 7. O-O Qb6 8. b3
Ne7 9. dxc5 Qxc5 10. Ba3 Qa5 11. Nd4 b5 12. Bxe7 Bxe7 13. Nxc6 Qc7 14. Nd4 Bc5
15. Nxb5 Qxe5 16. N1c3 d4 17. Re1 Qf4 18. Nd5 Qb8 19. Nbc7+ Kd7 20. Nxa8 Qxa8
21. Nf4 g6 22. c3 Bd6 23. Qxd4 e5 24. Qa4+ Ke7 25. c4 Kf6 26. Nd5+ Kg7 27. Rad1
Qb8 28. Re4 Rd8 29. Qb5 Qa8 30. c5 a6 31. Qc4 Bc7 32. Ree1 Qb7 33. c6 Qb8 34.
Nxc7 Rxd1 35. Rxd1 Qxc7 36. Qxa6 Qe7 37. Qc4 e4 38. Qc3+ Kh6 39. c7 Qa3 40.
c8=Q Qxa2 41. Qe3+ g5 42. Qg8 f6 43. Qf8+ Kg6 44. Qxe4+ Kh5 45. Qxh7+ Kg4 46.
Qb4# 1-0

[Event "V Memorial Alvise Zichichi"]
[Site "Ladispoli ITA"]
[Date "2008.05.04"]
[Round "7"]
[White "Urzi', Silvio"]
[Black "Proia, Gaetano"]
[Result "0-1"]
[WhiteElo "1788"]
[BlackElo "2026"]
[PlyCount "70"]
[EventDate "2008.05.01"]

1. c4 Nf6 2. Nc3 g6 3. e4 d6 4. d4 Bg7 5. Nge2 c6 6. Ng3 Qc7 7. Be2 Nbd7 8. h4
h5 9. Bg5 e5 10. d5 cxd5 11. cxd5 a6 12. Rc1 Qa5 13. Bd2 Qd8 14. Bg5 Qa5 15.
O-O O-O 16. Qd2 Re8 17. Bh6 Nf8 18. Kh1 Bg4 19. f3 Bd7 20. Bxg7 Kxg7 21. f4 Ng4
22. f5 Qd8 23. Bxg4 Qxh4+ 24. Bh3 Qxg3 25. Rf3 Qh4 26. f6+ Kh7 27. Rcf1 g5 28.
Ne2 g4 29. Rg3 Ng6 30. Rf5 Bxf5 31. exf5 Nf4 32. Rb3 Nxe2 33. Qxe2 Rg8 34. Kg1
gxh3 35. Rxh3 Qxh3 0-1

[Event "V Memorial Alvise Zichichi"]
[Site "Ladispoli ITA"]
[Date "2008.05.04"]
[Round "7"]
[White "Vuelban, Virgilio"]
[Black "Trebeschi, Andrea"]
[Result "1/2-1/2"]
[WhiteElo "2270"]
[BlackElo "2068"]
[PlyCount "32"]
[EventDate "2008.05.01"]

1. d4 Nf6 2. c4 d6 3. Nc3 g6 4. e4 Bg7 5. f3 O-O 6. Be3 Nc6 7. Nge2 a6 8. Qd2
Rb8 9. Bh6 b5 10. g4 bxc4 11. O-O-O a5 12. h4 Re8 13. h5 Bh8 14. hxg6 fxg6 15.
Ng3 Ba6 16. Qh2 e5 1/2-1/2

[Event "XXXVIII Corsicoscacchi C"]
[Site "Corsico ITA"]
[Date "2008.05.01"]
[Round "1"]
[White "Ragusa, Luigi"]
[Black "Leopardi, Stefano"]
[Result "0-1"]
[WhiteElo "1735"]
[BlackElo "1511"]
[PlyCount "82"]
[EventDate "2008.05.01"]

1. c4 e5 2. Nc3 Nf6 3. d3 Nc6 4. g3 Bb4 5. Bg2 O-O 6. e4 d6 7. Nge2 Be6 8. O-O
Qd7 9. Nd5 Bxd5 10. cxd5 Nd4 11. Nxd4 exd4 12. a3 Ba5 13. b4 Bb6 14. Bg5 Ne8
15. Rc1 c5 16. dxc6 bxc6 17. e5 Rc8 18. Bf4 c5 19. Re1 dxe5 20. Rxe5 cxb4 21.
axb4 Nf6 22. b5 Rxc1 23. Qxc1 Rc8 24. Bc6 Qd8 25. Qe1 Bc7 26. Re7 Bxf4 27. gxf4
Rc7 28. Re2 g6 29. f3 Qd6 30. Re5 Kf8 31. f5 Re7 32. f4 Ng4 33. Qh4 h5 34. fxg6
fxg6 35. Rd5 Qb4 36. Rd8+ Kg7 37. Be4 Qb1+ 38. Kg2 Ne3+ 39. Kh3 Qf1+ 40. Kg3
Nf5+ 41. Bxf5 Re3# 0-1

[Event "XXXVIII Corsicoscacchi C"]
[Site "Corsico ITA"]
[Date "2008.05.02"]
[Round "3"]
[White "Reale, Simone"]
[Black "Bianchi, Massimiliano"]
[Result "1/2-1/2"]
[WhiteElo "1600"]
[BlackElo "1599"]
[PlyCount "85"]
[EventDate "2008.05.01"]

1. d4 Nf6 2. c4 e6 3. Nc3 d5 4. Nf3 Nbd7 5. Bg5 Be7 6. e3 O-O 7. Rc1 c6 8. Qc2
h6 9. Bh4 Ne4 10. Bxe7 Qxe7 11. Nxe4 dxe4 12. Nd2 f5 13. Be2 c5 14. O-O b6 15.
Nb1 Rb8 16. Rfd1 Bb7 17. Nc3 Rfd8 18. a3 cxd4 19. exd4 Nf6 20. b4 f4 21. Bf1
Qf7 22. Qb2 Qg6 23. g3 Rf8 24. d5 exd5 25. Nxd5 Nxd5 26. cxd5 Qd6 27. Qe2 f3
28. Qe3 Rfe8 29. Rd4 Re5 30. Rxe4 Rxd5 31. Bc4 Kh8 32. Bxd5 Qxd5 33. Re8+ Rxe8
34. Qxe8+ Kh7 35. Qe1 Ba6 36. Rd1 Qf5 37. Qe3 Be2 38. Rc1 Qh3 39. Qe4+ Kh8 40.
Qe8+ Kh7 41. Qe4+ Kh8 42. Qe8+ Kh7 43. Qe4+ 1/2-1/2

[Event "XXXVIII Corsicoscacchi C"]
[Site "Corsico ITA"]
[Date "2008.05.03"]
[Round "4"]
[White "Leopardi, Stefano"]
[Black "Travaglini, Renzo"]
[Result "1-0"]
[WhiteElo "1511"]
[BlackElo "1628"]
[PlyCount "120"]
[EventDate "2008.05.01"]

1. c4 c5 2. Nc3 Nc6 3. Nf3 Nf6 4. g3 g6 5. Bg2 Bg7 6. O-O O-O 7. d4 cxd4 8.
Nxd4 Nxd4 9. Qxd4 d6 10. Bg5 a6 11. Qd2 Re8 12. Rad1 Qc7 13. b3 Bd7 14. Bxf6
exf6 15. Qxd6 Qxd6 16. Rxd6 Bc6 17. Bxc6 bxc6 18. e3 f5 19. Ne2 c5 20. Nf4 Be5
21. Rd7 Bxf4 22. gxf4 a5 23. Rfd1 a4 24. Rb7 axb3 25. axb3 Red8 26. Rdd7 Rxd7
27. Rxd7 Rb8 28. Rd3 Kf8 29. Kf1 Ke7 30. Ke2 Ra8 31. Rd2 Ra3 32. Rd3 Ra2+ 33.
Kf3 Ra6 34. Rd5 Rc6 35. Kg3 f6 36. f3 Rc8 37. e4 fxe4 38. fxe4 Rc6 39. h4 Rc8
40. Kf3 Ke6 41. h5 Ke7 42. hxg6 hxg6 43. Kg4 Rc6 44. e5 fxe5 45. Rxe5+ Kf6 46.
Kf3 Kf7 47. Ke4 Rb6 48. Rxc5 Rxb3 49. Rg5 Kf6 50. Rd5 Rb4 51. Kd4 Ke6 52. Kc5
Ra4 53. Kb5 Ra1 54. Re5+ Kf6 55. c5 Rf1 56. c6 Rxf4 57. Rc5 Re4 58. c7 Re8 59.
c8=Q Rxc8 60. Rxc8 Kf5 1-0

[Event "XXXVIII Corsicoscacchi C"]
[Site "Corsico ITA"]
[Date "2008.05.03"]
[Round "4"]
[White "Sana, Shiva Shanker"]
[Black "Reale, Simone"]
[Result "0-1"]
[WhiteElo "1401"]
[BlackElo "1600"]
[PlyCount "64"]
[EventDate "2008.05.01"]

1. d4 Nf6 2. Bf4 e6 3. a3 b6 4. Nc3 Bb7 5. Bg5 c5 6. e3 Be7 7. Bxf6 Bxf6 8.
dxc5 bxc5 9. Nf3 d5 10. Bb5+ Nc6 11. O-O O-O 12. Rb1 Qc7 13. Bxc6 Qxc6 14. Ne2
e5 15. c3 Rad8 16. Qb3 Ba6 17. Rfe1 e4 18. Nd2 Rb8 19. Qc2 Bd3 20. Qc1 Bxb1 21.
Qxb1 Rb7 22. Qc2 Rfb8 23. Rb1 Rb6 24. Ng3 Bh4 25. Nf5 Bxf2+ 26. Kh1 Qf6 27.
Nxe4 Qxf5 28. Qxf2 Qxe4 29. Rf1 Rf6 30. Qe1 Rxf1+ 31. Qxf1 Rxb2 32. h3 Rb1 0-1

[Event "XXXVIII Corsicoscacchi C"]
[Site "Corsico ITA"]
[Date "2008.05.04"]
[Round "5"]
[White "Reale, Simone"]
[Black "Dogic, Mirhad"]
[Result "1-0"]
[WhiteElo "1600"]
[BlackElo "1733"]
[PlyCount "83"]
[EventDate "2008.05.01"]

1. d4 f5 2. Nc3 Nf6 3. Nf3 e6 4. Bg5 Be7 5. e3 O-O 6. Bd3 c6 7. O-O d5 8. Ne5
Nbd7 9. f4 Ne4 10. Bxe7 Qxe7 11. Bxe4 dxe4 12. Ne2 Nf6 13. c4 Nd7 14. Qb3 Nxe5
15. dxe5 a5 16. Rad1 b5 17. Rd6 bxc4 18. Qxc4 Ba6 19. Qc2 Bd3 20. Qd2 c5 21.
Rd1 a4 22. Nc1 c4 23. b3 axb3 24. axb3 Qc7 25. bxc4 Qxc4 26. Nxd3 exd3 27. Qxd3
Qxd3 28. R6xd3 Kf7 29. Rd7+ Kg6 30. Re7 Ra6 31. Rdd7 Rg8 32. Kf2 h5 33. Kf3 h4
34. g3 h3 35. g4 fxg4+ 36. Kxg4 Rc6 37. Kxh3 Kf5 38. Rxg7 Rh8+ 39. Rh7 Rg8 40.
Rd4 Rc2 41. Rh5+ Kg6 42. Rg5+ 1-0

[Event "XXXVIII Corsicoscacchi C"]
[Site "Corsico ITA"]
[Date "2008.05.04"]
[Round "6"]
[White "Reale, Simone"]
[Black "Magistroni, Imerio"]
[Result "1-0"]
[WhiteElo "1600"]
[BlackElo "1661"]
[PlyCount "35"]
[EventDate "2008.05.01"]

1. d4 Nf6 2. c4 g6 3. Nc3 Bg7 4. e4 d6 5. f4 O-O 6. Nf3 Bg4 7. Be2 c5 8. d5
Nfd7 9. Be3 a6 10. O-O Qc7 11. Qe1 f5 12. Ng5 Rf6 13. Bxg4 fxg4 14. Ne6 Qc8 15.
Qh4 Nf8 16. Nxg7 Kxg7 17. e5 Rf5 18. Qxe7+ 1-0

[Event "XL C.to Italiano a squadre Master"]
[Site "Arvier ITA"]
[Date "2008.05.01"]
[Round "1"]
[White "Cereda, Mauro K."]
[Black "Sarno, Spartaco"]
[Result "0-1"]
[WhiteElo "1718"]
[BlackElo "2329"]
[PlyCount "59"]
[EventDate "2008.05.01"]

1. d4 d6 2. c4 Nf6 3. Nc3 g6 4. e4 Bg7 5. Nge2 O-O 6. Ng3 c5 7. d5 e6 8. Be2
exd5 9. exd5 Re8 10. O-O Na6 11. f4 h5 12. f5 h4 13. Nh1 Bxf5 14. Bg5 Qb6 15.
Na4 Qa5 16. Nc3 Ne4 17. Nxe4 Rxe4 18. Bd3 Rd4 19. Rxf5 gxf5 20. Qf3 Re8 21. Rf1
Re1 22. Qxf5 Rxf1+ 23. Kxf1 Rxd3 24. Qc8+ Bf8 25. Nf2 Qxa2 26. Bh6 Qb1+ 27. Ke2
Qc2+ 28. Ke1 Qb1+ 29. Ke2 Qxb2+ 30. Kf1 0-1

[Event "XL C.to Italiano a squadre Master"]
[Site "Arvier ITA"]
[Date "2008.05.01"]
[Round "2"]
[White "Amato, Andrea"]
[Black "Mascellani, Marco"]
[Result "1-0"]
[WhiteElo "2252"]
[BlackElo "2309"]
[PlyCount "107"]
[EventDate "2008.05.01"]

1. c4 e5 2. Nc3 Nc6 3. g3 g6 4. Bg2 Bg7 5. Nf3 Nge7 6. O-O O-O 7. d3 d6 8. Rb1
Nd4 9. Ne1 c6 10. b3 Rb8 11. a4 a6 12. e3 Ne6 13. Nc2 f5 14. Ne2 d5 15. f4 b5
16. Ba3 exf4 17. gxf4 c5 18. b4 bxc4 19. dxc4 dxc4 20. bxc5 Rxb1 21. Qxb1 Qd3
22. Nc1 Qd8 23. Qb4 Nc7 24. Qxc4+ Be6 25. Qe2 Ned5 26. Qd3 Re8 27. Rd1 Qh4 28.
Nd4 Bf7 29. Nc2 Nc3 30. Rd2 Bd5 31. Bb2 Bxg2 32. Rxg2 Rd8 33. Qc4+ Kf8 34. Nd3
N7d5 35. c6 Qe7 36. Ba3 Rd6 37. Bxd6 Qxd6 38. Qc5 Ke7 39. Qa7+ Nc7 40. Nd4 N3d5
41. Nxf5+ gxf5 42. Rxg7+ Kf8 43. Rg5 Ke7 44. Qb8 Qf6 45. Ne5 Kd6 46. Qc8 Qe6
47. Qf8+ Qe7 48. Qxe7+ Nxe7 49. Rg7 h5 50. Rh7 Ncd5 51. Kf2 Nc3 52. a5 Ne4+ 53.
Kg2 Nf6 54. Rxe7 1-0

[Event "XL C.to Italiano a squadre Master"]
[Site "Arvier ITA"]
[Date "2008.05.01"]
[Round "2"]
[White "Bocchicchio, Gaetano"]
[Black "Ganci, Fabrizio"]
[Result "1-0"]
[WhiteElo "2140"]
[BlackElo "2216"]
[PlyCount "73"]
[EventDate "2008.05.01"]

1. d4 d5 2. Nc3 Nf6 3. Bg5 e6 4. e4 Bb4 5. e5 h6 6. Be3 Ne4 7. Qg4 g6 8. a3
Bxc3+ 9. bxc3 Nxc3 10. Bd3 Qe7 11. h4 Bd7 12. h5 g5 13. Nh3 Nc6 14. O-O O-O-O
15. Bd2 Na4 16. f4 Nxd4 17. fxg5 Nf5 18. Qb4 Qc5+ 19. Qxc5 Nxc5 20. g4 Ng3 21.
Rxf7 Nge4 22. Bb4 hxg5 23. Raf1 Nxd3 24. cxd3 Ng3 25. R1f2 Nxh5 26. gxh5 Rxh5
27. Kg2 g4 28. Nf4 Rxe5 29. Ng6 Re3 30. Ne7+ Kb8 31. Rf8 Be8 32. Ng8 Rc8 33.
Nf6 Bb5 34. Rxc8+ Kxc8 35. Nxg4 d4 36. Nxe3 dxe3 37. Rf8+ 1-0

[Event "XL C.to Italiano a squadre Master"]
[Site "Arvier ITA"]
[Date "2008.05.01"]
[Round "2"]
[White "Borgo, Giulio"]
[Black "Arlandi, Ennio"]
[Result "1/2-1/2"]
[WhiteElo "2453"]
[BlackElo "2436"]
[PlyCount "39"]
[EventDate "2008.05.01"]

1. Nf3 Nf6 2. d4 g6 3. c4 Bg7 4. g3 c6 5. Bg2 O-O 6. O-O d5 7. cxd5 cxd5 8. Nc3
Nc6 9. Ne5 e6 10. Nxc6 bxc6 11. Na4 Nd7 12. Bf4 Ba6 13. Rc1 Qa5 14. Bd6 Rfc8
15. b4 Qd8 16. Re1 Bb5 17. Nc5 Nxc5 18. Bxc5 a5 19. a4 Ba6 20. Rb1 1/2-1/2

[Event "XL C.to Italiano a squadre Master"]
[Site "Arvier ITA"]
[Date "2008.05.01"]
[Round "2"]
[White "Brunello, Sabino"]
[Black "Ortega, Lexy"]
[Result "1/2-1/2"]
[WhiteElo "2475"]
[BlackElo "2459"]
[PlyCount "114"]
[EventDate "2008.05.01"]

1. d4 f5 2. c4 Nf6 3. g3 g6 4. Bg2 Bg7 5. Nh3 d6 6. d5 Na6 7. Nc3 O-O 8. Nf4 e5
9. dxe6 c6 10. O-O Nc5 11. Be3 Nxe6 12. Qd2 Ng4 13. Rad1 Nxe3 14. Qxe3 Re8 15.
Na4 Nxf4 16. Qxf4 Qa5 17. b3 Be5 18. Qc1 Qc7 19. Rd3 Bg7 20. Qd2 Bf8 21. Re1
Be6 22. Nc3 Qg7 23. e4 fxe4 24. Nxe4 d5 25. cxd5 Bxd5 26. Rxd5 cxd5 27. Ng5
Rxe1+ 28. Qxe1 Qd7 29. Qe5 Bg7 30. Bxd5+ Kh8 31. Qe4 Re8 32. Ne6 a5 33. h4 Re7
34. a4 b6 35. Bc4 Qd1+ 36. Kg2 Qd7 37. Bd5 Qd6 38. Ng5 Qe5 39. Qc4 Qc7 40. Qd3
Qc3 41. Qa6 Qf6 42. Ne6 Rxe6 43. Qc8+ Bf8 44. Bxe6 h5 45. Bd5 Kh7 46. Qc7+ Kh6
47. Bg8 Be7 48. Qd7 Kg7 49. Bc4 Kh6 50. f4 Bc5 51. Qd2 Qd4 52. Qe1 Qe3 53. Qf1
Qe4+ 54. Kh3 Qf5+ 55. Kh2 Qc2+ 56. Kh3 Qf5+ 57. Kg2 Qe4+ 1/2-1/2

[Event "XL C.to Italiano a squadre Master"]
[Site "Arvier ITA"]
[Date "2008.05.01"]
[Round "2"]
[White "Caposciutti, Maurizio"]
[Black "Di Fonzo, Valerio"]
[Result "1-0"]
[WhiteElo "2313"]
[BlackElo "2212"]
[PlyCount "114"]
[EventDate "2008.05.01"]

1. Nf3 Nf6 2. c4 g6 3. b3 Bg7 4. Bb2 O-O 5. g3 d6 6. d4 Nbd7 7. Bg2 c6 8. O-O
Qc7 9. Nc3 a6 10. e3 b5 11. Nd2 Bb7 12. Rc1 Qb8 13. Qe2 Rc8 14. Rfd1 bxc4 15.
Nxc4 a5 16. Na4 Ba6 17. Qd2 Bb5 18. Bc3 Bxc4 19. bxc4 Qa7 20. Rb1 Qa6 21. Qd3
Rab8 22. Bf1 Nb6 23. Nxb6 Rxb6 24. Rxb6 Qxb6 25. Rb1 Qa7 26. Rb2 Nd7 27. Qb1
Rb8 28. Rxb8+ Nxb8 29. Bxa5 Qxa5 30. Qxb8+ Bf8 31. Qb7 Qxa2 32. Qxc6 e6 33. h4
h5 34. Bd3 Qa1+ 35. Kg2 Qc3 36. Be4 Kg7 37. Qb5 Kg8 38. Bc6 Qc2 39. Bf3 Kg7 40.
Bc6 Kg8 41. Bf3 Kg7 42. Qg5 Qxc4 43. Bxh5 e5 44. dxe5 Qe4+ 45. Bf3 Qxe5 46. Qd8
Qf6 47. Qa5 Qe5 48. Qa4 Qf6 49. h5 gxh5 50. Bxh5 Be7 51. Bf3 Qe5 52. Qg4+ Qg5
53. Qh3 Qh6 54. Qd7 Qe6 55. Qb7 Qe5 56. Bd5 Qf6 57. e4 Qg6 1-0

[Event "XL C.to Italiano a squadre Master"]
[Site "Arvier ITA"]
[Date "2008.05.01"]
[Round "2"]
[White "Cocchi, Andrea"]
[Black "Ramondino, Renzo"]
[Result "0-1"]
[WhiteElo "2316"]
[BlackElo "2275"]
[PlyCount "122"]
[EventDate "2008.05.01"]

1. e4 c5 2. b3 Nc6 3. Bb2 e5 4. Bc4 d6 5. f4 exf4 6. Nf3 Bg4 7. O-O Nf6 8. Qe1
Nh5 9. Nc3 Be7 10. Nd5 O-O 11. d3 Rb8 12. a4 Re8 13. Qd2 Bxf3 14. Rxf3 Bg5 15.
Rh3 g6 16. Rf1 Ne5 17. Rxh5 gxh5 18. Nxf4 Qf6 19. Bd5 Qh6 20. g3 Re7 21. Qe2
Ng4 22. h3 Nf6 23. Bxf6 Bxf6 24. Nxh5 Bd4+ 25. Kg2 Rf8 26. h4 Kh8 27. Rf5 Qe3
28. Qxe3 Bxe3 29. Rf6 Rd7 30. Be6 Rdd8 31. Bxf7 Rd7 32. Be6 Rxf6 33. Nxf6 Rd8
34. Bf5 h6 35. Kf3 Bd4 36. Nd5 Be5 37. Ne3 a6 38. Be6 b5 39. Nf5 bxa4 40. bxa4
Kh7 41. Kg4 Rb8 42. Kh5 Rb4 43. Bb3 c4 44. dxc4 Rb8 45. g4 Bf4 46. c5 dxc5 47.
Bc4 a5 48. e5 Bxe5 49. Nxh6 Rb4 50. Bd3+ Kg7 51. Nf5+ Kf8 52. g5 Rxa4 53. g6
Rb4 54. Kg5 a4 55. c3 a3 56. cxb4 a2 57. bxc5 a1=Q 58. h5 Qc1+ 59. Kg4 Qf4+ 60.
Kh3 Qh2+ 61. Kg4 Qg2+ 0-1

[Event "XL C.to Italiano a squadre Master"]
[Site "Arvier ITA"]
[Date "2008.05.01"]
[Round "2"]
[White "Collutiis, Duilio"]
[Black "Garcia Palermo, Carlos Horacio"]
[Result "1-0"]
[WhiteElo "2415"]
[BlackElo "2465"]
[PlyCount "123"]
[EventDate "2008.05.01"]

1. e4 c6 2. d4 d5 3. exd5 cxd5 4. c4 Nf6 5. Nc3 e6 6. Nf3 Bb4 7. cxd5 exd5 8.
Bd3 O-O 9. O-O Bg4 10. Qb3 Nc6 11. Ne5 Bd6 12. Nxc6 bxc6 13. Bg5 Bd7 14. Qd1 h6
15. Bh4 Rb8 16. Rb1 Re8 17. a3 Qe7 18. Bc2 Qe6 19. Qd3 g6 20. f3 Nh5 21. Rbe1
Bxh2+ 22. Kxh2 Qd6+ 23. Kg1 Rxe1 24. Rxe1 Rxb2 25. Re5 Nf4 26. Qd2 Ne6 27. Qxh6
Nxd4 28. Rh5 Nxf3+ 29. gxf3 Qc5+ 30. Bf2 Qxc3 31. Qg5 Rb8 32. Qe5 Qxe5 33. Rxe5
Rb2 34. Re7 Rxc2 35. Rxd7 a5 36. Bd4 g5 37. Bf6 Kh7 38. Bxg5 Kg6 39. Be3 Rc4
40. Kf2 Kf6 41. Ke2 Ke6 42. Ra7 Ra4 43. Bc5 f5 44. Bb4 Rxb4 45. axb4 axb4 46.
f4 c5 47. Ra6+ Kd7 48. Kd3 b3 49. Kc3 c4 50. Rb6 Kc7 51. Rb4 Kc6 52. Kd4 Kd6
53. Rb6+ Kc7 54. Rh6 Kd7 55. Kc3 Ke7 56. Rb6 Kd7 57. Rf6 Ke7 58. Rxf5 Kd6 59.
Re5 Kc5 60. f5 Kd6 61. Re8 Kd7 62. Re2 1-0

[Event "XL C.to Italiano a squadre Master"]
[Site "Arvier ITA"]
[Date "2008.05.01"]
[Round "2"]
[White "D'Amore, Carlo"]
[Black "Piscopo, Pierluigi"]
[Result "1/2-1/2"]
[WhiteElo "2481"]
[BlackElo "2379"]
[PlyCount "106"]
[EventDate "2008.05.01"]

1. Nf3 Nf6 2. g3 g6 3. b3 d6 4. d4 c5 5. c4 Bg7 6. Bb2 Ne4 7. Bg2 Qa5+ 8. Nfd2
Nxd2 9. Bc3 Qb6 10. dxc5 Nxb1 11. Bxg7 Qb4+ 12. Kf1 Rg8 13. Bh6 Na3 14. cxd6
Qxd6 15. Qxd6 exd6 16. Bf4 Nc6 17. Bxd6 Nc2 18. Rd1 a5 19. a4 Be6 20. Bc7 N2d4
21. Rd3 Bf5 22. e4 Be6 23. Kg1 Ne2+ 24. Kf1 Nc1 25. Rc3 Nxb3 26. Ke2 Nc5 27.
Ra1 f6 28. f4 Rc8 29. Bb6 Nd4+ 30. Ke3 Ndb3 31. Rb1 Rg7 32. Bf1 Rc6 33. Rcxb3
Nxb3 34. Rxb3 Bxc4 35. Bxc4 Rxc4 36. Bxa5 Rxa4 37. Bc3 Re7 38. e5 fxe5 39. Bxe5
Kf7 40. Kf3 Ke6 41. Kg4 Ra6 42. Kg5 b6 43. h4 Rb7 44. h5 gxh5 45. Kxh5 b5 46.
g4 Ra4 47. Re3 Kd5 48. g5 b4 49. Bb2 b3 50. Re5+ Kd6 51. f5 Rf4 52. Re6+ Kd5
53. Re5+ Kc4 1/2-1/2